| 000 -ლიდერი |
| ფიქსირებული სიგრძის საკონტროლო ველი |
01130nam a22002177a 4500 |
| 003 - საკონტროლო ნომრის იდენტიფიკატორი |
| საკონტროლო ველი |
Ge_BSU |
| 005 - ბოლო ოპერაციის თარიღი და დრო |
| საკონტროლო ველი |
20230301103529.0 |
| 008 - ფიქსირებული სიგრძის მონაცემთა ელემენტები - ზოგადი ინფორმაცია |
| ფიქსირებული სიგრძის საკონტროლო ველი |
230301s1997 ge ||||| |||| 00| 0 geo d |
| 041 ## - ენის კოდი |
| Language code of text/sound track or separate title |
geo |
| 080 ## - უნივერსალური ათობითი კლასიფიკაციის ინდექსი |
| Universal Decimal Classification number |
343(042.4) ს-96 |
| 100 ## - მთავარი ჩანაწერი - პიროვნების სახელი |
| Personal name |
სურგულაძე, ლ. |
| 9 (RLIN) |
17082 |
| 245 ## - ცნობა სათაურის შესახებ |
| Title |
სისხლის სამართალი : |
| Remainder of title |
დანაშაული : (ლექციები) / |
| Statement of responsibility, etc |
ლ. სურგულაძე ; რედ.: მ. ლეკვეიშვილი ; საქ. მეცნ. აკად. სახ. და სამართლ. ინ-ტთან არსებ. თბილისის ჰუმანიტ. ინ-ტი. |
| 264 ## - წარმოების, გამოცემის, დისტრიბუციის და სხვა ცნობები |
| გამოცემის, წარმოების, დისტრიბუციის... ადგილი |
თბილისი : |
| გამოცემის, წარმოების, დისტრიბუციის... თარიღი |
1997. |
| 300 ## - ფიზიკური აღწერა |
| Extent |
416 გვ. ; |
| Other physical details |
20 სმ. |
| 500 ## - ზოგადი შენიშვნა |
| General note |
ბიბლიოგრ. ტექსტის შენიშვნ. |
| 653 ## - INDEX TERM--UNCONTROLLED |
| Uncontrolled term |
სისხლის სამართალი |
| 653 ## - INDEX TERM--UNCONTROLLED |
| Uncontrolled term |
ლექციების კურსი. |
| 653 ## - INDEX TERM--UNCONTROLLED |
| Uncontrolled term |
დანაშაული. |
| 700 ## - ADDED ENTRY--PERSONAL NAME |
| Personal name |
ლეკვეიშვილი, მ. |
| Relator term |
რედაქტორი. |
| 9 (RLIN) |
3505 |
| 942 ## - ADDED ENTRY ELEMENTS (KOHA) |
| Source of classification or shelving scheme |
|
| Koha item type |
წიგნი |